Все герои произведений зарубежной литературы: Словарь-справочник

Detalles Bibliográficos
Outros autores: Авросимова Е. В. (составитель)
Idioma:ruso
Publicado: Москва, Олимп, 1998
Series:Школьникам и абитуриентам
Subjects:
Formato: Libro
KOHA link:https://koha.lib.tpu.ru/cgi-bin/koha/opac-detail.pl?biblionumber=57226

MARC

LEADER 00000nam0a2200000 4500
001 57226
005 20231031054128.0
010 |a 5739005140 
010 |a 5-15-000613-0 
035 |a (RuTPU)RU\TPU\book\60361 
090 |a 57226 
100 |a 20031024d1998 m y0rusy50 ca 
101 0 |a rus 
102 |a RU 
105 |a y eg 001zd 
200 1 |a Все герои произведений зарубежной литературы  |e Словарь-справочник  |f сост. Е. В. Авросимова 
210 |a Москва  |c Олимп  |c АСТ  |d 1998 
215 |a 288 с. 
225 1 |a Школьникам и абитуриентам 
320 |a Именной указатель: с. 275-279. 
610 1 |a литература 
610 1 |a литературоведение 
610 1 |a зарубежная литература 
610 1 |a произведения 
610 1 |a герои 
610 1 |a словари 
610 1 |a справочники 
675 |a 8(03)  |v 3 
675 |a 89(03)  |v 3 
702 1 |a Авросимова  |b Е. В.  |4 220 
801 1 |a RU  |b 63413507  |c 20031024  |g PSBO 
801 2 |a RU  |b 63413507  |c 20220530  |g PSBO 
942 |c BK